Schnelle Alphabet - Statistiken

Allgemein
  • Dieses Quiz wurde 418 mal gespielt
  • Das Durchschnittsergebnis liegt bei 27 aus 30
Antwortstatistiken
Buchstabe % Korrekt
Ö
100%
A
99%
Ä
99%
E
96%
B
95%
D
95%
F
94%
G
93%
O
93%
I
92%
C
91%
H
91%
Q
91%
J
90%
K
89%
M
89%
N
89%
L
88%
P
88%
W
87%
R
86%
S
86%
ß
86%
U
86%
Ü
86%
T
84%
V
82%
Z
79%
X
77%
Y
77%
Keine übereinstimmenden Quizze gefunden
Verteilung der Resultate
Anzahl Personen mit jedem Resultat
Perzentil nach korrekt beantworteten Fragen
Ihre Resultats-Entwicklung
Sie haben dieses Quiz noch nicht gespielt